Catálogo
 En Linea

Cantos para tí / (Registro nro. 49697)

Detalles MARC
000 -CABECERA
campo de control de longitud fija 00656nam a22002177a 4500
003 - IDENTIFICADOR DEL NÚMERO DE CONTROL
campo de control DO-SdBNP
005 - FECHA Y HORA DE LA ÚLTIMA TRANSACCIÓN
campo de control 20211020092301.0
007 - CAMPO FIJO DE DESCRIPCIÓN FÍSICA--INFORMACIÓN GENERAL
campo de control de longitud fija ta
008 - DATOS DE LONGITUD FIJA--INFORMACIÓN GENERAL
campo de control de longitud fija 210325b ||||| |||| 00| 0 spa d
040 ## - FUENTE DE LA CATALOGACIÓN
Centro catalogador/agencia de origen DO-SdBNP
Lengua de catalogación spa
Centro/agencia transcriptor BNPHU
082 #4 - NÚMERO DE LA CLASIFICACIÓN DECIMAL DEWEY
Número de documento/Ítem P438c
Número de edición 22
100 1# - ENTRADA PRINCIPAL--NOMBRE DE PERSONA
Nombre de persona Pérez Moreno, Cruz María
9 (RLIN) 78291
245 10 - MENCIÓN DE TÍTULO
Título Cantos para tí /
Mención de responsabilidad, etc. Cruz María Pérez Moreno ; prólogo Emiliana Polanco Polanco
260 ## - PUBLICACIÓN, DISTRIBUCIÓN, ETC.
Lugar de publicación, distribución, etc. s.l. :
Nombre del editor, distribuidor, etc. [s. n.],
Fecha de publicación, distribución, etc. 2000?
300 ## - DESCRIPCIÓN FÍSICA
Extensión 135 p. ;
Dimensiones 19 cm.
500 ## - NOTA GENERAL
Nota general Incluye datos biográficos de la autora
590 ## - NOTA LOCAL (RLIN)
Nota local Inventariado, 2021 / DG
700 1# - PUNTO DE ACCESO ADICIONAL--NOMBRE DE PERSONA
Nombre de persona Polanco Polanco, Emiliana
Término indicativo de función/relación pról.
9 (RLIN) 80278
910 ## - DATOS DE OPCIÓN DEL USUARIO (OCLC)
Datos de opción del usuario D/G
942 ## - ELEMENTOS DE PUNTO DE ACCESO ADICIONAL (KOHA)
Fuente del sistema de clasificación o colocación Dewey Decimal Classification
Tipo de ítem Koha Libro
Existencias
Estado de retiro Estado de pérdida Fuente del sistema de clasificación o colocación No para préstamo Código de colección Localización permanente Ubicación/localización actual Ubicación en estantería Fuente de adquisición Total de préstamos Signatura topográfica completa Código de barras Fecha visto por última vez Precio válido a partir de Tipo de ítem Koha Número de copia
    Dewey Decimal Classification Préstamo en sala Monografías: Libros y Folletos Biblioteca Nacional Pedro Henríquez Ureña Dominicana En catalogación Deposito Legal   BNPHU DS P438c 2021-1260 25.03.2021 25.03.2021 Libro e. 3
    Dewey Decimal Classification Excluido de préstamo Monografías: Libros y Folletos Biblioteca Nacional Pedro Henríquez Ureña Patrimonio Dominicano Depósito Deposito Legal   BNPHU PD P438c 2021-1258 25.03.2021 25.03.2021 Libro  
    Dewey Decimal Classification Préstamo restrigido Monografías: Libros y Folletos Biblioteca Nacional Pedro Henríquez Ureña Patrimonio Dominicano Depósito Deposito Legal   BNPHU PD P438c 2021-1259 25.03.2021 25.03.2021 Libro e. 2

Con tecnología Koha